000 00667nam a2200217Ia 4500
001 12691
003 GE_BSU
008 181216s||||||||xx |||||||||||||| ||und||
040 _cGE_BSU
080 _a582.5
100 _aТахтаджян,А.Л.
245 _aСистема и филогения цветковых растений=Systema et Phylogenia magholiophytorum
245 _cХуд.Д.С.Данилов
260 _aМосква
260 _bНаука
260 _c1966
300 _a610стр.22см.
300 _cБиблиогр.с.535-603
653 _aСистема и филогения цветковых растений
942 _cBK
999 _c45862
_d45862